Statistiques concernant les films préférés de claire

Cliquez ici pour prendre le quiz!

Statistiques générales

  • Ce quiz a été pris 28 fois
  • Le résultat moyen est 9 sur 20

Statistiques - réponses

RéalisateurAnnéeFilm% Correct
James Cameron1997Titanic
91%
Damien Chazelle2016Lalaland
83%
Jean-Pierre Jeunet2001Le fabuleux destin d'Amelie Poulain
78%
Robert Zemeckis1994Forrest Gump
74%
Damien Chazelle2023Babylon
61%
Hayao Miyazaki2001Le voyage de Chihiro
61%
Wes Anderson2014The Grand Budapest Hotel
61%
Christophe Barratier2004Les choristes
43%
Hayao Miyazaki2013Le vent se lève
43%
Xavier Dolan2014Mommy
43%
Luca Guadagnino2017Call me by your name
39%
Céline Sciamma2019Portrait de la jeune fille en feu
39%
Gene Kelly / Stanley Donen1952Chantons sous la pluie
35%
Giuseppe Tornatore1988Cinema Paradiso
30%
Wes Anderson2012Moonrise Kingdom
30%
Randal Kleiser1978Grease
13%
Enrico Casarosa2021Luca
13%
Hiromasa Yonebayashi2010Arrietty, le petit monde des chapardeurs
9%
Autumn de Wilde2020Emma.
9%
Dean DeBlois / Chris Sanders2012Dragons
4%

Distribution des résultats

Percentile par nombre de réponses

% des personnes avec chaque résultat

Votre développement - résultats

Vous n’avez pas pris ce quiz